| 000 | 00513nam a2200157 a 4500 | ||
|---|---|---|---|
| 001 | 000033571 | ||
| 005 | 20200930070344.0 | ||
| 008 | 110831s1892 sp 000 0 spa d | ||
| 040 |
_aDO-SdBNP _bspa _cBNPHU |
||
| 082 |
_axxx _bE61 |
||
| 245 | 0 | 0 | _aEnumeración de libros y documentos concernientes a Cristóbal Colón y sus viajes. |
| 260 |
_aMadrid, España : _bReal Academia de la Historia, _c1892. |
||
| 300 |
_a680 p. ; _c28 cm. |
||
| 490 | 1 | _aBibliografía colombina | |
| 830 | 0 |
_aBibliografía colombina _959066 |
|
| 999 |
_c33062 _d33062 |
||